000 00937nam a2200289 i 4500
001 C2-0222970
003 PPAK
005 20180728151953.0
008 000126s1997 nyua|||| ||||| | eng d
020 _a0471152919
040 _aPPAK
_beng
_cPPAK
_erda
082 0 4 _a551.2
_223
090 0 0 _a551.2
_bCHR
_dR
100 1 _aChristian, Spencer,
_eauthor
245 1 0 _aShake, rattle and roll :
_bthe world's most amazing volcanoes, earthquakes and other forces
264 1 _aNew York :
_bJohn Wiley ,
_c1997
300 _av, 122 pages :
_billustrations ;
_c25 cm
336 _2rdacontent
_atext
337 _2rdamedia
_aunmediated
338 _2rdacarrier
_avolume
490 1 _aSpencer Christian's world of wonder series
500 _aIncludes index
650 1 0 _aEarthquakes-Juvenile literature ; Volcanoes-Juvenile literature
700 _eauthor
830 0 _aSpencer Christian's world of wonder series
942 _ddc
_cB
999 _c144187
_d144187